000 00621cam a22002171 4500
001 med47001268
003 DLC
005 20260227111602.0
008 810815s1945 xx a 000 0 fre
010 _amed47001268
035 _a(OCoLC)14744297
040 _aDLC
_cDNLM
_dDLC
042 _apremarc
050 0 0 _aQM261
_b.D4
060 0 _aWF 600
_bD286p 1945
100 1 _aDebeyre, Albert,
_d1877-
245 1 3 _aLe poumon; sa constitution anatomique et sa structure,
_cpar Albert Debeyre ... et Jean Debeyre ...
260 _aParis,
_bLe François,
_c1945.
300 _a102, [1] p.
_bill.
700 1 _aDebeyre, Jean.
999 _c38282
_d38282